| 000 | 01331nam0a2200313 i 4500 | ||
|---|---|---|---|
| 001 | RU\NLR\BIBL_A\012037983 | ||
| 005 | 20241103123804.0 | ||
| 010 |
_a9785907115835 _9500 |
||
| 035 | _a(NLR Aleph) 012037983 | ||
| 090 |
_a11585199 _c11585199 |
||
| 100 | _a20190618d2019 em y0rusy50 ca | ||
| 101 | 0 | _arus | |
| 102 | _aRU | ||
| 105 | _ay|||z|||000zy | ||
| 200 | 1 |
_aОптимальный социум _eна пути к интеллектуальной революции _e[сборник выступлений, интервью и эссе] _fАркадий Недель |
|
| 210 |
_aСанкт-Петербург _cАлетейя _cНезависимый альянс _d2019 |
||
| 215 |
_a331, [1] с. _d22 |
||
| 300 | _aНа 4-й с. обл. авт.: Аркадий Недель - д-р философии | ||
| 320 | _aБиблиогр. в подстроч. примеч. | ||
| 333 | _a16+ | ||
| 606 |
_aСоциальная философия _jСборники _91917054 _3RU\NLR\AUTH\661163051 |
||
| 606 |
_aИсторический процесс _jСборники _xФилософские вопросы _91565788 _3RU\NLR\AUTH\66985450 |
||
| 686 | 1 | _aЮ6я44 | |
| 686 | 1 | _aЮ252:Т08я44 | |
| 700 | 1 |
_aНедель _bА. _gАркадий |
|
| 942 | _cBOOK | ||
| 980 | _aNBR | ||